000 00390nam a2200169Ia 4500
005 20250423101748.0
008 250422s9999 xx 000 0 und d
020 _a0-88162-335-0
050 _aPR6062.Y618YL
100 _aJonathan Lynn
245 0 _aYes Prime Minister
260 _bSalem House Publishers
260 _c1988
300 _a391 p
650 _aLiterature
942 _cBK
999 _c37203
_d37203